| 000 | 00800nam a2200229 a 4500 | ||
|---|---|---|---|
| 003 | DO-SdBNP | ||
| 005 | 20221205141342.0 | ||
| 007 | ta | ||
| 008 | 090715s2018 dr 001 0 spa d | ||
| 020 | _a978993444855 | ||
| 040 |
_aDO-SdBNP _bspa _cBNPHU |
||
| 082 |
_axxx _bR426l, 2008 |
||
| 110 | 1 |
_aRepública Dominicana _9447 |
|
| 240 | 1 | 0 | _aDecretos y reglamentos |
| 245 | 1 | 0 |
_aDec 01-18 reglamento para la aplicación del titulo IV del Impuesto Selectivo al Consumo (ISC), del código tributario de la RD. : _b Norma DGII 06-18 sobre comprobantes fiscales / |
| 260 |
_a[Moca, República Dominicana] : _bDalis, _c[2018.] |
||
| 300 |
_a60 p. ; _c22 cm. |
||
| 500 | _aNorma DGII 06-18 sobre comprobantes fiscales. | ||
| 590 | _aInventariado, 2022/ YL | ||
| 910 | _aYLockward | ||
| 942 |
_2ddc _cLBS1 |
||
| 999 |
_c53070 _d53070 |
||